000 01237naa a22003377a 4500
001 BR8900663
003 BR-BrBNA
005 20240918180426.0
007 ta
008 230509b bl.||||| |||| 00| 0 por d
040 _aBR-BrBNA
_bpor
_cBiblioteca Nacional de Agricultura
041 _a(Pt)
072 _aN20
_b1930
_b4530
_b4545
090 _aN20 BR8900663
100 1 _aAnjos, J.B. dos
100 1 _aOliveira, M.C.
100 1 _aBertaux, S.
100 1 _aBaron, V.
111 1 _aSeminario de Tecnologia Agropecuaria Inovadora para o Nordeste
_cFortaleza, CE (Brazil)
_d7-11 Apr 1986
245 1 _aTecnologias destinadas a exploracao do capim-buffel [mecanizacao agricola]
260 3 _aFortaleza, CE (Brasil):
_c1986.
500 _aAnais do Seminario de Tecnologia Agropecuaria Inovadora para o Nordeste Fortaleza, CE (Brasil): 1986. p. 389-413 (BR8900663-AM)N20
650 _aCAPIM BUFFEL
650 _aPLANTADEIRA
650 _aCOLHEITADEIRA
650 _aMAQUINA AGRICOLA
650 _aTRACAO ANIMAL
773 0 _tAnais do Seminario de Tecnologia Agropecuaria Inovadora para o Nordeste
_wN20 BR8900663
_gFortaleza, CE (Brasil), 1986. p. 389-413
909 _a202404
_bLucia
_c55
_dLucia Elande
942 _cAM
_2AGRIS
999 _c320300
_d320300